000 00551nam a2200217Ia 4500
003 OSt
005 20221006143522.0
006 a|||||r|||| 00| 0
007 ta
008 221006b |||||||| |||| 00| 0 eng d
024 _a9,212
037 _cSeries Articles
040 _aEASL
_cEASL
_beng
041 _2eng
_aeng
245 0 _aDangerous work
_b Women in traffic Emily Chao
260 _aNew Delhi
_bSage Publication
_c2003
300 _a71-107
_ccm.
490 _v29
942 _cREF
_2CC
999 _c1077298
_d1077298